| 000 | 02803nam0a2200505 4500 | ||
|---|---|---|---|
| 001 | RU\NLR\BIBL_A\011427091 | ||
| 005 | 20260407093046.0 | ||
| 021 |
_aRU _b2017-31721 _92336 |
||
| 029 | 1 | 0 |
_aRU _b33966.1-2016 _cГОСТ |
| 029 | 1 | 0 |
_aRU _b115-1:2008+A1:2010 _cEN |
| 035 | _a(RuMoRGB)008872522 | ||
| 035 | _a(NLR Aleph) 011427091 | ||
| 090 |
_a11633484 _c11633484 |
||
| 100 | _a20170627d2017 k y0rusy50 ca | ||
| 101 | 0 | _arus | |
| 102 | _aRU | ||
| 105 | _aa l 000|y | ||
| 200 | 1 |
_aЭскалаторы и пассажирские конвейеры _iТребования безопасности к устройству и установке _dEscalators and moving walks. Safety requirements for construction and installation _zeng _eГОСТ 33966.1-2016 _eEN 115-1:2008+A1:2010 _fподготовлен Ассоциацией "Российское лифтовое объединение" (Ассоциация "РЛО"), Эскомстроймонтаж-сервис (ЗАО Эс-сервис") |
|
| 205 | _aИзд. офиц. | ||
| 210 |
_aМосква _cСтандартинформ _d2017 |
||
| 215 |
_aVI, 74 c. _cил. _d29 |
||
| 225 | 1 |
_aМежгосударственный стандарт _fМежгосударственный совет по стандартизации, метрологии и сертификации |
|
| 239 | _aВвед. 01.01.2018 | ||
| 320 | _aБиблиогр.: с. 73 (11 назв.) | ||
| 510 | 1 |
_aEscalators and moving walks _zeng |
|
| 510 | 1 |
_aSafety requirements for construction and installation _zeng |
|
| 517 | 1 | _aГОСТ 33966.1-2016 | |
| 517 | 1 | _aEN 115-1:2008+A1:2010 | |
| 606 | 1 |
_aЭскалаторы _jСтандарты _xЭксплуатация _xТехника безопасности _92332032 _3RU\NLR\AUTH\6601618614 |
|
| 606 | 1 |
_aКонвейеры пассажирские _jСтандарты _xЭксплуатация _xТехника безопасности _92332030 _3RU\NLR\AUTH\6601618613 |
|
| 610 | 0 | _aопасности | |
| 610 | 0 | _aпараметры | |
| 610 | 0 | _aразмеры | |
| 675 | _a621.876.32:006.354 | ||
| 686 |
_a53.040.10 _v2000 _2МКС |
||
| 686 | 1 | _aО931.17-082н6я861 | |
| 686 | 1 | _aО87-082н6я861 | |
| 712 | 0 | 2 |
_4725 _aМежгосударственный совет по стандартизации, метрологии и сертификации _3RU\NLR\AUTH\8823529 _9321571 |
| 712 | 0 | 2 |
_4900 _aРоссийское лифтовое объединение _9535594 _3RU\NLR\AUTH\880435632 |
| 712 | 0 | 2 |
_4900 _a"Эскомстроймонтаж-сервис", закрытое акционерное общество _cСанкт-Петербург _9544984 _3RU\NLR\AUTH\880440399 |
| 942 | _cBOOK | ||
| 980 | _aNBR | ||